Largest Welsh Islands - Statistics

General Stats
  • This quiz has been taken 35 times
  • The average score is 5 of 10
Answer Stats
Area (sq ml) Answer % Correct
260.37 Anglesey
100%
0.79 Bardsey Island
63%
0.84 Caldey Island
58%
15.22 Holy Island
50%
1.22 Skomer
46%
0.99 Ramsey Island
38%
0.41 Skokholm
33%
0.21 Flat Holm
29%
0.06 Puffin Island
29%
0.19 Ynys Llanddwyn
8%
No matching quizzes found
Score Distribution
Percent of People with Each Score
Percentile by Number Answered
Your Score History
You have not taken this quiz